000 00661nam a2200205Ia 4500
003 GCL
008 140319s9999 xx 000 0 ara d
040 _aGCL /
_cGCL
082 0 4 _a822.005م
_bج ج
100 1 _aعبدالفتاح الديدى
245 1 0 _aالجنوب /
_cعبدالفتاح الديدى
700 1 _aجرين، جوليان
700 1 _aمحمد غنيمى هلال(مراجع)
300 _a208 ص
490 _aروائع المسرح العالمى
_v0
650 0 4 _aالادب الامريكى
650 0 4 _aالمسرح الامريكى
650 0 4 _aالمسرحيات الامريكية المترجمة
942 _2ddc
_cBK
999 _c38350
_d38350